Statistics for Diseases the WHO has Declared Emergencies for 🦠

Click here to take the quiz!

General Stats

  • This quiz has been taken 967 times
    (213 since last reset)
  • The average score is 4 of 6

Answer Stats

Disease% Correct
COVID-19
100%
Ebola
86%
Swine flu
70%
Zika
40%
Mpox
31%
Polio
29%

Score Distribution

Percentile by Number Answered

Percent of People with Each Score

Your Score History

You have not taken this quiz since the last reset